Vánoce = Christmas /

Korporativní autor: Hudba Hradní stráže a Policie ČR
Další autoři: Hybš, Václav, 1935-2026, Boni Pueri (pěvecký sbor)
Jazyk: Čeština
Vydáno: [Praha] : [Clarton, Edit, Music Vars Corporation], [2017]
Témata:
Fyzický popis: 1 CD audio ; 12 cm
Zvukové nahrávky
Uloženo v:
LEADER 02229njm a2200493 i 4500
001 001614480
003 CZ BrMZK
005 20180209084718.0
007 sd fungnnmmned
008 180130s2017 xr munng f n cze
015 |a cnb002963285 
040 |a BOA001  |b cze  |e rda 
041 0 |d cze  |d lat  |e cze 
047 |a cr  |a sg 
072 7 |a 784  |x Vokální hudba  |2 Konspekt  |9 9 
080 |a 783.65.088  |2 MRF 
080 |a 783.28.088  |2 MRF 
080 |a (086.76)  |2 MRF 
245 0 0 |a Vánoce =  |b Christmas /  |c Hudba Hradní stráže a Policie ČR & Boni pueri 
246 3 1 |a Christmas 
264 1 |a [Praha] :  |b [Clarton, Edit, Music Vars Corporation],  |c [2017] 
300 |a 1 CD audio ;  |c 12 cm 
336 |a hraná hudba  |b prm  |2 rdacontent 
337 |a audio  |b s  |2 rdamedia 
338 |a audiodisk  |b sd  |2 rdacarrier 
344 |a digital  |b optical  |2 rda 
347 |a audio soubor  |b CD audio  |2 rda 
500 |a Název z disku 
500 |a Aranžmá Václav Hybš 
500 |a Informace o interpretech (22 stran) v pouzdře 
500 |a Vánoční propagační CD Policie ČR, neprodejné 
505 0 0 |t Tichá noc --  |t Alžbětinská serenáda --  |t Chtíc, aby spal --  |t Štěstí, zdraví --  |t Veselé vánoční hody --  |t Narodil se Kristus Pán --  |t Já malý přicházím --  |t Co to znamená --  |t O kráse těchto svátků --  |t Purpura --  |t Bílé Vánoce --  |t Zvonky --  |t O Vánocích --  |t Ukolébavka --  |t Adeste fideles --  |t Gloria --  |t Štědrý večer nastal --  |t Pochválen buď --  |t Všechno spí --  |t Rolničky --  |t Vánoce, Vánoce přicházejí 
511 1 |a Hudba Hradní stráže a Policie ČR & Boni pueri 
518 |o Nahráno  |d 2.-5. října 2017  |p hudební studio na Kavčích horách 
650 0 7 |a koledy, úpravy  |7 ph312539  |2 czenas 
650 0 7 |a vánoční písně, úpravy  |7 ph315294  |2 czenas 
655 7 |a kompaktní disky  |7 fd201991  |2 czenas 
700 1 |a Hybš, Václav,  |d 1935-2026  |7 jn19990209281  |4 arr 
710 2 |a Hudba Hradní stráže a Policie ČR  |7 ko2004264106  |4 prf 
710 2 |a Boni Pueri (pěvecký sbor)  |7 ko2002102036  |4 prf 
910 |a BOA001  |b CDR-1400.375 
990 |a AV 
991 |b 201802 
996 6 |b 2610732566  |c CDR-1400.375  |l MZK  |r Sklad / do 24 hodin  |n 0  |p p.v.  |w 001649898  |u 000010  |a 1  |e BOA001  |j MZK50  |s P